Saltar al contenido
Inicio
Centros participantes
Catálogo
Servicios
Contacto
Prijava
English
Deutsch
Español
Français
Italiano
日本語
Nederlands
Português
Português (Brasil)
中文(简体)
中文(繁體)
Türkçe
עברית
Gaeilge
Cymraeg
Ελληνικά
Català
Euskara
Русский
Čeština
Suomi
Svenska
polski
Dansk
slovenščina
اللغة العربية
বাংলা
Galego
Tiếng Việt
Hrvatski
हिंदी
Հայերէն
Українська
Sámegiella
Jezik
Vsa polja
Naslov
Avtor
Tema
Signatura
ISBN/ISSN
Oznaka
Išči
Napredno
La propuesta: retratos de la b...
Citiraj
Pošljite email
Natisni
Izvozi zadetek
Izvozi v RefWorks
Izvozi v EndNoteWeb
Izvozi v EndNote
Dodaj v priljubljene
Enlace Permanente
Agregar primera valuación
La propuesta: retratos de la beligerancia popular en la Argentina democrática
Shranjeno v:
Bibliografske podrobnosti
Glavni avtor:
Auyero, Javier
Korporativna značnica:
Universidad de Buenos Aires
Format:
Texto
Izdano:
Buenos Aires:
UBA
Oznake:
Označite
Brez oznak, prvi označite!
Zaloga
Opis
Komentarji
Podobne knjige/članki
Knjižničarski pogled
MARC
LEADER
00000 a a2200000 04500
001
27734
003
040
020
|a
687-1075-10-3
090
|a
186100
100
|a
Auyero, Javier
110
|a
Universidad de Buenos Aires
245
|a
La propuesta: retratos de la beligerancia popular en la Argentina democrática
260
|a
Buenos Aires:
|b
UBA
300
|a
86 p
999
|c
14228
|d
14228
Podobne knjige/članki
¿ Qué pensamos los peruanos y las personas sobre la descentralización: resultados de una encuesta de opinión? . Encuesta /
Imperio & imperialismo: una lectura crítica de Michael Hardt y Antonio Negri
od: Boron, Atilio A
Fuego y barricadas: retratos de la beligerancia popular en la Argentina democrática /
od: Auyero, Javier
Retratos /
od: Bernal Meza, Raul Antonio
Izdano: (1979)
Retratos /
od: Fernández, Jesse A.
Izdano: (1984)